| 000 | 00000nam##2200000za#4500 |
| 001 | 9.616132 |
| 003 | CaOODSP |
| 005 | 20210929082757 |
| 007 | ta |
| 008 | 150406|2002||||xxc||||| f|0| 0 eng|d |
| 020 | |a0-662-32987-2 |
| 022 | |a1209-6571 |
| 040 | |aCaOODSP|beng |
| 043 | |an-cn--- |
| 086 | 1 |aFo29-47/27-2002E |
| 110 | 1 |aCanada. |bNatural Resources Canada. |bCanadian Forest Service. |
| 245 | 10|aWRS-Canada - integration of the Landsat WorldWide Referencing System with ecological, geographical and demographic data|cby Mike Wulder, David Seemann and Brian Low. |
| 260 | |aVictoria - British Columbia : |bNatural Resources Canada. |c2002. |
| 300 | |a6p. : |bfigs. (some coloured), references, tables ; |c28 cm. |
| 490 | 1 |aTechnology transfer note|x1209-6571|vNumber 27 |
| 500 | |aN.B.: Incorrect ISBN (0-662-32987-X) printed in this publication. |
| 563 | |aPamphlet |
| 590 | |a03-07|b2003-02-14 |
| 690 | 07|aReforestation|2gcpds |
| 690 | 07|aModel forests|2gcpds |
| 690 | 07|aForest management|2gcpds |
| 720 | 1 |aWulder, Mike |
| 720 | 1 |aSeemann, David |
| 720 | 1 |aLow, Brian |
| 775 | 08|tWRS-Canada - intégration du système de référence mondial (Worldwide Referencing System) de Landsat avec des données écologiques, géographiques et démographiques|w(CaOODSP)9.626043 |
| 776 | 0#|tWRS-Canada - integration of the Landsat WorldWide Referencing System with ecological, geographical and demographic data|w(CaOODSP)9.575291 |
| 830 | #0|aTechnology transfer note,|x1209-6571|vNumber 27|w(CaOODSP)9.514646 |